A Vihorlát tetején

Zemepisné názvoslovie pohoria Vihorlat a jeho jazykový pôvod [ z pera regionálneho autora]

Podrobná bibliografia
Hlavný autor: Czirbusz, Gejza 1853-1920 (Author)
Médium: Článok
Jazyk:Hungarian
Témy:
Zdroj: 1. Felsőmagyarországi Hirlap : Politikai ujság 1. Roč. 9, č. 55 (13.07.1906) s. 1 a 2
LEADER 01360nab#a2200421#ar4500
001 000098331
003 SVKKK
005 20091118132851.0
008 090108d1906 xo |||||||||||||||b|hun
FMT
038 |a SVKKK 
040 |a SVKKK  |b slo  |e AACR2 
041 0 |a hun 
044 |a xo  |c SK 
080 |a 911:82  |x (437.6)  |2 1997 
080 |a 929 Czirbusz, Gejza  |2 1997 
100 1 |a Czirbusz, Gejza  |d 1853-1920  |4 aut 
242 1 0 |a Na vrchole Vihorlatu  |c Czirbusz, Gejza 
245 1 2 |a A Vihorlát tetején  |c Czirbusz, Gejza 
500 |a Popis z mikrofilmu 
500 |a Dohľadanie 
520 2 |a Zemepisné názvoslovie pohoria Vihorlat a jeho jazykový pôvod [ z pera regionálneho autora] 
600 1 4 |a Czirbusz, Gejza  |b 1853-1920  |x pedagóg, vedec  |z Košice (Slovensko)  |x rodák  |z Sátoraljaújhely (Slovensko/Maďarsko)  |x pôsobenie 
650 0 4 |a zemepisné názvoslovie  |x pôvod pomenovania  |z Vihorlat [pohorie] (Slovensko) 
655 4 |a hungariká 
773 0 |t Felsőmagyarországi Hirlap : Politikai ujság  |g Roč. 9, č. 55 (13.07.1906) s. 1 a 2 
957 |a Zemplín 
957 |a Sátoraljaújhely 
957 |a Košice 
958 |a NT 
958 |a DG 
958 |a HU 
974 |a Ba 
992 |a RBX 
997 |a Czirbusz, Géza p. Czirbusz, Gejza  |d Sátoraljaújhely  |4 aut 
997 |d Kassa p. Košice 
BAS
998 |a RETRO